Man and the computer : Technology as an agent of social change

Bewaard in:
Bibliografische gegevens
Hoofdauteur: Diebold, John
Formaat: Boek
Taal:Undetermined
Gepubliceerd in: New York F. A. Praeger 1969
Onderwerpen:
Tags: Voeg label toe
Geen labels, Wees de eerste die dit record labelt!
Thư viện lưu trữ: Trung tâm Học liệu Trường Đại học Cần Thơ
LEADER 00576nam a2200205Ia 4500
001 CTU_84076
008 210402s9999 xx 000 0 und d
082 |a 301.2 
082 |b D559 
100 |a Diebold, John 
245 0 |a Man and the computer : 
245 0 |b Technology as an agent of social change 
245 0 |c John Diebold 
260 |a New York 
260 |b F. A. Praeger 
260 |c 1969 
650 |a Automation,Technology and civilization 
650 |x Economic aspects 
904 |i QHieu(sửa) 
980 |a Trung tâm Học liệu Trường Đại học Cần Thơ